AH International Schools' Libraries

Four mice deep in the jungle / (Record no. 48124)

MARC details
000 -LEADER
fixed length control field 00279nam a2200097 4500
020 ## - INTERNATIONAL STANDARD BOOK NUMBER
International Standard Book Number 9781782263609
245 ## - TITLE STATEMENT
Title Four mice deep in the jungle /
Statement of responsibility, etc Geronimo Stilton.
260 ## - PUBLICATION, DISTRIBUTION, ETC. (IMPRINT)
Place of publication, distribution, etc UK:
Name of publisher, distributor, etc Sweet Cherry Publishing;
Date of publication, distribution, etc 2017.
300 ## - PHYSICAL DESCRIPTION
Extent 103 p.
Other physical details illustrations.
Dimensions 20 cm.
942 ## - ADDED ENTRY ELEMENTS (KOHA)
Source of classification or shelving scheme
Koha item type Book
Holdings
Withdrawn status Lost status Source of classification or shelving scheme Damaged status Not for loan Home library Current library Shelving location Date acquired Total Checkouts Full call number Barcode Date last seen Date checked out Price effective from Koha item type
          Asian Hope Early Years Library Asian Hope Early Years Library Easy Reading 01/08/2025 3 CB FIC STI 206918 09/17/2025 09/10/2025 01/08/2025 Book
          Asian Hope Early Years Library Asian Hope Early Years Library Junior Fiction 08/25/2025 2 CB FIC STI 208911 04/03/2026 03/23/2026 08/25/2025 Book

For any Logos Library related questions please contact Miss Art at swongnarasuk@asianhope.org.

For any Asian Hope Library related questions please contact Miss Raza at graza@asianhope.org.

Powered by Koha